000 00366 a2200169 4500
001 185969
020 _a85-06-03786-7
040 _cMagnum
100 _aPinto, Ziraldo Alves
240 1 0 _aLa niña Nina
_lpor
245 1 0 _aLa niña Nina
300 _a37
362 0 _a2006
440 1 _aMelhoramentos
697 _aLITERATURA INFANTIL ESPANHOLA
942 _cBK
999 _c185969
_d185969